[Event "SG Bochum 1931-SAbt Frankfurter TV 1860"]
[Site "Osnabrück"]
[Date "2012.12.28"]
[Round "3.4"]
[White "Butschek, Marc"]
[Black "Diyap, Murat"]
[Result "1/2-1/2"]
[WhiteElo "1949"]
[BlackElo "1920"]
[PlyCount "61"]
[EventDate "2012.??.??"]
[WhiteTeam "SG Bochum 1931"]
[BlackTeam "SAbt Frankfurter TV 1860"]

1. e4 c5 2. c3 Nf6 3. e5 Nd5 4. d4 cxd4 5. cxd4 Nc6 6. Nf3 d6 7. Bc4 Nb6 8. Bb3
dxe5 9. d5 Na5 10. Nc3 g6 11. Nxe5 Bg7 12. Ba4+ Nd7 13. Nxd7 Bxd7 14. O-O O-O
15. Bb3 Nxb3 16. Qxb3 Qb6 17. Qxb6 axb6 18. Be3 Rfc8 19. Bxb6 Bxc3 20. bxc3
Rxc3 21. Rfe1 Rd3 22. h3 Rxd5 23. Rxe7 Re8 24. Rxe8+ Bxe8 25. a4 Bc6 26. a5 Rg5
27. g3 Rb5 28. Rc1 f5 29. Bd8 Be4 30. Kf1 Rb1 31. Rxb1 1/2-1/2

[Event "SG Bochum 1931-SAbt Frankfurter TV 1860"]
[Site "Osnabrück"]
[Date "2012.12.28"]
[Round "3.6"]
[White "Thanabalasingam, Ajandhan"]
[Black "Abrahamyan, Arsen"]
[Result "1/2-1/2"]
[WhiteElo "1871"]
[BlackElo "1757"]
[PlyCount "44"]
[EventDate "2012.??.??"]
[WhiteTeam "SG Bochum 1931"]
[BlackTeam "SAbt Frankfurter TV 1860"]

1. e4 c5 2. Nf3 Nc6 3. d4 cxd4 4. Nxd4 Nf6 5. Nc3 e5 6. Ndb5 d6 7. Bg5 a6 8.
Na3 b5 9. Nd5 Be7 10. Bxf6 Bxf6 11. c4 b4 12. Nc2 a5 13. Be2 Bg5 14. O-O O-O
15. Qd3 f5 16. Bf3 Be6 17. Rad1 Rc8 18. b3 g6 19. Nde3 Be7 20. Nd5 Bg5 21. Nde3
Be7 22. Nd5 Bg5 1/2-1/2

[Event "TuS Coswig 1920-SG Solingen"]
[Site "Osnabrück"]
[Date "2012.12.28"]
[Round "3.1"]
[White "Hobusch, Alexander"]
[Black "Linnemann, Niklas"]
[Result "1-0"]
[WhiteElo "2217"]
[BlackElo "1946"]
[PlyCount "73"]
[EventDate "2012.??.??"]
[WhiteTeam "SG Solingen"]
[BlackTeam "TuS Coswig 1920"]

1. d4 Nf6 2. Nf3 g6 3. c4 Bg7 4. Nc3 d5 5. Bg5 Ne4 6. cxd5 Nxg5 7. Nxg5 e6 8.
Qd2 exd5 9. Qe3+ Kf8 10. Qf4 Bf6 11. h4 h6 12. Nf3 Be6 13. e3 c6 14. Bd3 Nd7
15. g4 Kg7 16. Qg3 c5 17. O-O-O c4 18. Bc2 Be7 19. Ne5 Bb4 20. f4 Nxe5 21. dxe5
Bxc3 22. bxc3 Qa5 23. f5 Bd7 24. e6 Bc6 25. fxg6 d4 26. Qf4 f6 27. Rhf1 Raf8
28. Qxd4 Qxa2 29. Qe5 Re8 30. e7 Ba4 31. Rf2 Bxc2 32. Qb5 Qa1+ 33. Kxc2 Qa2+
34. Qb2 Qxb2+ 35. Kxb2 Rxe7 36. h5 Rhe8 37. Rd6 1-0

[Event "TuS Coswig 1920-SG Solingen"]
[Site "Osnabrück"]
[Date "2012.12.28"]
[Round "3.2"]
[White "Müller, Richard"]
[Black "Kyas, Marcel"]
[Result "1/2-1/2"]
[WhiteElo "2117"]
[BlackElo "2153"]
[PlyCount "43"]
[EventDate "2012.??.??"]
[WhiteTeam "TuS Coswig 1920"]
[BlackTeam "SG Solingen"]

1. d4 Nf6 2. c4 e6 3. Nc3 Bb4 4. e3 O-O 5. Nge2 d5 6. a3 Bd6 7. Ng3 c5 8. dxc5
Bxc5 9. b4 Be7 10. Bb2 dxc4 11. Bxc4 Qxd1+ 12. Rxd1 Nbd7 13. Nge4 a5 14. Nd6
Nb6 15. Bb3 axb4 16. axb4 Rd8 17. Ncb5 Nfd5 18. Be5 Nxb4 19. O-O Nc6 20. Bg3
Bf6 21. Rc1 Be5 22. Bxe5 1/2-1/2

[Event "TuS Coswig 1920-SG Solingen"]
[Site "Osnabrück"]
[Date "2012.12.28"]
[Round "3.3"]
[White "Fichtner, Ewald"]
[Black "Kieslich, Aaron"]
[Result "0-1"]
[WhiteElo "2021"]
[BlackElo "1990"]
[PlyCount "83"]
[EventDate "2012.??.??"]
[WhiteTeam "SG Solingen"]
[BlackTeam "TuS Coswig 1920"]

1. d4 Nf6 2. c4 e6 3. g3 d5 4. Nf3 Be7 5. Bg2 c6 6. Qc2 Nbd7 7. O-O O-O 8. Nbd2
b6 9. e4 Bb7 10. e5 Ne8 11. cxd5 cxd5 12. Re1 a5 13. Nf1 b5 14. a4 bxa4 15.
Qxa4 Nb6 16. Qd1 Bb4 17. Bd2 Qe7 18. Re3 Nc4 19. Bxb4 axb4 20. Rb3 Nc7 21. Rxa8
Rxa8 22. Qe1 Ra4 23. Ne3 Bc6 24. Nc2 Na6 25. h4 Na5 26. Re3 Nc4 27. Rb3 Na5 28.
Rd3 Bb5 29. Rd1 b3 30. Na3 Bc4 31. Bf1 Qb4 32. Qxb4 Nxb4 33. Rc1 Na2 34. Rd1
Nb4 35. Rc1 Na2 36. Rd1 h6 37. Ne1 Bxf1 38. Kxf1 Nc4 39. Nb5 Rb4 40. Nc3 Nxb2
41. Nxa2 Nxd1 42. Nxb4 0-1

[Event "TuS Coswig 1920-SG Solingen"]
[Site "Osnabrück"]
[Date "2012.12.28"]
[Round "3.4"]
[White "Pönisch, Johannes"]
[Black "Wroblowski, Oliver"]
[Result "1/2-1/2"]
[WhiteElo "2010"]
[BlackElo "1955"]
[PlyCount "73"]
[EventDate "2012.??.??"]
[WhiteTeam "TuS Coswig 1920"]
[BlackTeam "SG Solingen"]

1. e4 e5 2. Nf3 d6 3. d4 exd4 4. Nxd4 Nf6 5. Bd3 Nc6 6. Nxc6 bxc6 7. c4 g6 8.
Bd2 Bg7 9. Bc3 O-O 10. O-O d5 11. cxd5 cxd5 12. exd5 Qxd5 13. Be2 Bb7 14. Qxd5
Bxd5 15. Nd2 Ne4 16. Bxg7 Kxg7 17. Nxe4 Bxe4 18. f3 Bb7 19. Rfd1 Rfd8 20. Rxd8
Rxd8 21. Rd1 Rxd1+ 22. Bxd1 Bd5 23. a3 Kf6 24. Kf2 Ke5 25. Ke3 g5 26. g3 f6 27.
f4+ Kd6 28. b4 h6 29. a4 c6 30. fxg5 fxg5 31. h4 Ke5 32. Be2 Bg2 33. Bc4 Bd5
34. Bd3 Bg2 35. Bc4 Bd5 36. Bd3 Bg2 37. Bc4 1/2-1/2

[Event "SF Brackel 1930-SC Forchheim"]
[Site "Osnabrück"]
[Date "2012.12.28"]
[Round "3.1"]
[White "Mons, Leon"]
[Black "Strathoff, Jens"]
[Result "1-0"]
[WhiteElo "2329"]
[BlackElo "2133"]
[PlyCount "116"]
[EventDate "2012.??.??"]
[WhiteTeam "SC Forchheim"]
[BlackTeam "SF Brackel 1930"]

1. e4 e5 2. Nf3 Nc6 3. Bc4 Bc5 4. c3 Nf6 5. d3 O-O 6. O-O d5 7. exd5 Nxd5 8.
Re1 Bg4 9. h3 Bh5 10. Nbd2 Nb6 11. Bb5 Bd6 12. Ne4 a6 13. Bxc6 bxc6 14. Ng3 Bg6
15. h4 f6 16. h5 Bf7 17. Nh4 Qd7 18. Ngf5 Be6 19. Qg4 Rf7 20. Re3 Nd5 21. Rf3
Ne7 22. Be3 Nxf5 23. Nxf5 Kh8 24. c4 Rg8 25. Rd1 c5 26. b3 Bf8 27. Qe4 g6 28.
hxg6 Rxg6 29. Rd2 c6 30. Rd1 Qc8 31. Kh2 Bxf5 32. Rxf5 Rfg7 33. g3 Qd7 34. Kg2
Bd6 35. Rh1 Kg8 36. Rfh5 Rg4 37. Qf3 Be7 38. R1h3 R4g6 39. Qe4 Rg4 40. Qf5 Qxf5
41. Rxf5 R4g6 42. Kf3 Rf7 43. g4 Rf8 44. Rh4 Rd8 45. Ke4 Rg7 46. f3 Rf7 47. g5
Kg7 48. gxf6+ Rxf6 49. Rfh5 h6 50. Rxh6 Rxh6 51. Rxh6 Bf6 52. Kf5 Be7 53. Rxc6
Rxd3 54. Kxe5 Rd1 55. Bxc5 Re1+ 56. Kf5 Bh4 57. Rxa6 Kf7 58. Ra7+ Ke8 1-0

[Event "SF Brackel 1930-SC Forchheim"]
[Site "Osnabrück"]
[Date "2012.12.28"]
[Round "3.2"]
[White "Böhm, Malte"]
[Black "Miller, Eduard"]
[Result "1/2-1/2"]
[WhiteElo "1931"]
[BlackElo "2130"]
[PlyCount "40"]
[EventDate "2012.??.??"]
[WhiteTeam "SF Brackel 1930"]
[BlackTeam "SC Forchheim"]

1. Nf3 c5 2. c4 Nc6 3. g3 g6 4. Bg2 Bg7 5. O-O e6 6. Nc3 Nge7 7. e3 O-O 8. d4
cxd4 9. Nxd4 d5 10. cxd5 Nxd4 11. exd4 Nxd5 12. Nxd5 exd5 13. Be3 Be6 14. Qb3
Qd7 15. Rac1 Rfc8 16. Rfd1 b6 17. Bf1 Rxc1 18. Rxc1 Rc8 19. Rc3 h5 20. Rxc8+
Qxc8 1/2-1/2

[Event "SF Brackel 1930-SC Forchheim"]
[Site "Osnabrück"]
[Date "2012.12.28"]
[Round "3.5"]
[White "Mann, Johannes"]
[Black "Raschkowski, Alexander"]
[Result "1-0"]
[WhiteElo "1837"]
[BlackElo "1727"]
[PlyCount "67"]
[EventDate "2012.??.??"]
[WhiteTeam "SC Forchheim"]
[BlackTeam "SF Brackel 1930"]

1. e4 d5 2. exd5 Nf6 3. Nf3 Nxd5 4. d4 g6 5. c4 Nb6 6. Nc3 Bg7 7. h3 O-O 8. Be2
Nc6 9. Be3 Re8 10. O-O Bf5 11. Qd2 e5 12. d5 Nb4 13. Rac1 Bf8 14. a3 Na6 15. b4
Nb8 16. c5 e4 17. cxb6 exf3 18. bxc7 fxe2 19. cxd8=Q exf1=Q+ 20. Kxf1 Rxd8 21.
Qe2 Bg7 22. g4 Bd7 23. Nb5 Na6 24. Nxa7 Ba4 25. b5 Rxd5 26. bxa6 Rxa7 27. Bxa7
Bb5 28. Qxb5 Rxb5 29. Rc8+ Bf8 30. axb7 Rxb7 31. Bc5 Rb1+ 32. Kg2 Rc1 33. Rxf8+
Kg7 34. Bb4 1-0

[Event "SF Brackel 1930-SC Forchheim"]
[Site "Osnabrück"]
[Date "2012.12.28"]
[Round "3.6"]
[White "Gesinghaus, Dustin"]
[Black "Nöttling, Dominik"]
[Result "0-1"]
[WhiteElo "1609"]
[BlackElo "1811"]
[PlyCount "70"]
[EventDate "2012.??.??"]
[WhiteTeam "SF Brackel 1930"]
[BlackTeam "SC Forchheim"]

1. e4 c5 2. c3 d5 3. exd5 Qxd5 4. d4 cxd4 5. cxd4 Nc6 6. Nf3 Bg4 7. Be2 e6 8.
Nc3 Bb4 9. O-O Qd7 10. d5 exd5 11. Nxd5 O-O-O 12. Nxb4 Qxd1 13. Rxd1 Rxd1+ 14.
Bxd1 Nxb4 15. Ne5 Be6 16. a3 Nc6 17. Bf4 Nge7 18. Rc1 f6 19. Nxc6 bxc6 20. Bd6
Nf5 21. Rxc6+ Kd7 22. Ra6 Nxd6 23. Rxa7+ Kc6 24. Bf3+ Kb6 25. Rxg7 Rc8 26. h3
Rc7 27. Rg3 Nc4 28. Bg4 f5 29. Be2 Nxb2 30. Re3 Rc6 31. Re5 Kc7 32. Rb5 Nc4 33.
a4 Nd6 34. Re5 Ne4 35. Bf3 Kd6 0-1

[Event "SV Empor Berlin-Königsspringer SC Hambur"]
[Site "Osnabrück"]
[Date "2012.12.28"]
[Round "3.1"]
[White "Borgmeyer, Max"]
[Black "Moritz, Aron"]
[Result "1/2-1/2"]
[WhiteElo "2066"]
[BlackElo "2206"]
[PlyCount "81"]
[EventDate "2012.??.??"]
[WhiteTeam "Königsspringer SC Hamburg 1984"]
[BlackTeam "SV Empor Berlin"]

1. e4 g6 2. d4 Bg7 3. Nc3 d6 4. Be3 a6 5. Qd2 Nd7 6. h4 h5 7. Nh3 b5 8. Ng5 Bb7
9. f4 Nh6 10. e5 e6 11. d5 b4 12. dxe6 bxc3 13. exd7+ Qxd7 14. Qxc3 dxe5 15.
Rd1 Qc6 16. Bc5 Rd8 17. Bd3 Qxg2 18. Rg1 Qh2 19. Ne6 fxe6 20. Bxg6+ Nf7 21.
Rxd8+ Kxd8 22. Bxf7 Qxh4+ 23. Bf2 Qf6 24. Bxe6 Qxe6 25. Rxg7 exf4+ 26. Kf1 Bc6
27. Qd4+ Kc8 28. Qxf4 Qh3+ 29. Ke2 Re8+ 30. Be3 Bd7 31. Kd2 Qe6 32. Qd4 h4 33.
Qa7 Qc6 34. Rg6 Be6 35. Bf4 h3 36. Bxc7 Qxc7 37. Qxa6+ Kd8 38. Qa8+ Ke7 39.
Rxe6+ Kxe6 40. Qxe8+ Qe7 41. Qg6+ 1/2-1/2

[Event "SV Empor Berlin-Königsspringer SC Hambur"]
[Site "Osnabrück"]
[Date "2012.12.28"]
[Round "3.5"]
[White "Pfreundt, Jakob"]
[Black "Alcer, Fabian"]
[Result "1/2-1/2"]
[WhiteElo "1919"]
[BlackElo "1664"]
[PlyCount "139"]
[EventDate "2012.??.??"]
[WhiteTeam "Königsspringer SC Hamburg 1984"]
[BlackTeam "SV Empor Berlin"]

1. e4 e5 2. Nf3 Nc6 3. Bc4 Nf6 4. d3 Bc5 5. c3 d6 6. Bb3 a6 7. h3 O-O 8. Nbd2
Ba7 9. O-O h6 10. Re1 Nh5 11. Nf1 Qf6 12. Be3 Nf4 13. Bxf4 Qxf4 14. Qd2 g5 15.
Qxf4 gxf4 16. Rad1 Be6 17. Bxe6 fxe6 18. Re2 Rf7 19. N1h2 h5 20. d4 exd4 21.
Nxd4 Bxd4 22. cxd4 e5 23. Nf3 Nxd4 24. Nxd4 exd4 25. Rxd4 Re8 26. f3 Re5 27.
Red2 Kf8 28. h4 Ke7 29. Kf2 Rg7 30. R4d3 Rg3 31. Rb3 b6 32. Ra3 a5 33. Rc3 Kd8
34. Rdc2 Rg7 35. Rd2 Rge7 36. Rc1 Rg7 37. Rg1 Rg3 38. Rgd1 Rg6 39. Rd5 Ke7 40.
R5d3 Rg7 41. Rc3 Kd8 42. Rg1 Rg3 43. Rc2 Rg7 44. g3 fxg3+ 45. Rxg3 Rxg3 46.
Kxg3 a4 47. Kf4 Rb5 48. Ke3 Kd7 49. f4 d5 50. Rg2 dxe4 51. Kxe4 c5 52. Ke5 c4+
53. Kd4 Rf5 54. Kxc4 Rxf4+ 55. Kb5 Rxh4 56. Kxb6 Rg4 57. Rh2 h4 58. Ka5 Ke6 59.
b4 axb3 60. axb3 Rg3 61. b4 h3 62. Kb6 Kf5 63. b5 Kg4 64. Kb7 Rg2 65. Rh1 h2
66. b6 Kg3 67. Kc8 Rc2+ 68. Kb8 Kg2 69. Rxh2+ Kxh2 70. b7 1/2-1/2

[Event "SV Empor Berlin-Königsspringer SC Hambur"]
[Site "Osnabrück"]
[Date "2012.12.28"]
[Round "3.6"]
[White "Scheinhütte, Jakob"]
[Black "Streich, Justus"]
[Result "0-1"]
[WhiteElo "1697"]
[BlackElo "1840"]
[PlyCount "54"]
[EventDate "2012.??.??"]
[WhiteTeam "SV Empor Berlin"]
[BlackTeam "Königsspringer SC Hamburg 1984"]

1. e4 e5 2. Nf3 Nc6 3. Bb5 a6 4. Ba4 Nf6 5. O-O Be7 6. Re1 b5 7. Bb3 O-O 8. h3
Bb7 9. c3 d5 10. exd5 Nxd5 11. d4 exd4 12. cxd4 Bf6 13. Nc3 Nxc3 14. bxc3 Qd6
15. Bb2 Na5 16. Qe2 Nxb3 17. axb3 Qf4 18. Nh2 Qg5 19. Ng4 Kh8 20. Qe3 Qg6 21.
Qg3 Bd5 22. Nxf6 gxf6 23. c4 bxc4 24. bxc4 Bxc4 25. Rec1 Bd5 26. Rxc7 Rg8 27.
Kh2 Qe4 0-1

[Event "SC Heitersheim-Heilbronner SV"]
[Site "Osnabrück"]
[Date "2012.12.28"]
[Round "3.2"]
[White "Winter, Philipp"]
[Black "Biefel, Christian"]
[Result "1-0"]
[WhiteElo "1917"]
[BlackElo "1689"]
[PlyCount "95"]
[EventDate "2012.??.??"]
[WhiteTeam "SC Heitersheim"]
[BlackTeam "Heilbronner SV"]

1. e4 c6 2. d4 d5 3. exd5 cxd5 4. Nf3 Nf6 5. Bd3 Bg4 6. c3 e6 7. Bf4 Nbd7 8.
Nbd2 Be7 9. O-O O-O 10. Re1 a6 11. a4 Rc8 12. a5 Rc6 13. Qa4 Nh5 14. Be5 f6 15.
Bg3 Nxg3 16. hxg3 Qc7 17. Qc2 h6 18. Nh4 Bh5 19. Bh7+ Kf7 20. g4 f5 21. gxf5
Bxh4 22. fxe6+ Ke7 23. exd7+ Kxd7 24. Bf5+ Kd8 25. Re5 Bf7 26. Nf3 Be7 27. Rae1
Bd6 28. R5e2 Qxa5 29. Ne5 Bxe5 30. dxe5 Be6 31. Bxe6 Rxe6 32. c4 Rc6 33. e6 Kc7
34. Qg6 Qc5 35. Qxg7+ Kb6 36. e7 Re8 37. Qf7 Rcc8 38. cxd5 Qb5 39. Qe6+ Ka7 40.
d6 Rc6 41. Qd7 Qh5 42. Re5 Qg6 43. Re6 Qf7 44. Rxh6 Rc2 45. Rf1 Rd2 46. Qh3 Ka8
47. d7 Rxe7 48. Rh8+ 1-0

[Event "SC Heitersheim-Heilbronner SV"]
[Site "Osnabrück"]
[Date "2012.12.28"]
[Round "3.3"]
[White "Mikeler, Marcel"]
[Black "Wendering, Leonard"]
[Result "0-1"]
[WhiteElo "1712"]
[BlackElo "1910"]
[PlyCount "98"]
[EventDate "2012.??.??"]
[WhiteTeam "Heilbronner SV"]
[BlackTeam "SC Heitersheim"]

1. d4 Nf6 2. c4 c5 3. d5 b5 4. cxb5 a6 5. bxa6 Bxa6 6. Nc3 d6 7. Nf3 g6 8. g3
Bg7 9. Bg2 O-O 10. O-O Nbd7 11. Re1 Qa5 12. e4 Ng4 13. Bd2 Rfb8 14. Qc2 Nge5
15. Nxe5 Nxe5 16. Nd1 Qb6 17. Re3 c4 18. Rb1 Ng4 19. Rf3 Bd4 20. Bc3 Ne5 21.
Rf4 g5 22. Rf5 f6 23. Bxd4 Qxd4 24. Kh1 Bc8 25. Ne3 Bxf5 26. Nxf5 Qa7 27. f4
Nd3 28. Bf1 Nf2+ 29. Kg2 Ng4 30. Qe2 Qxa2 31. Qxc4 Qxb1 32. Nxe7+ Kf8 33. Qc6
Qxb2+ 34. Kh3 Re8 35. Ng6+ hxg6 36. Qxd6+ Kf7 37. Bc4 Re7 38. fxg5 Rh8+ 39.
Kxg4 f5+ 40. Kf3 fxe4+ 41. Kg4 Qe5 42. Qxe5 Rxe5 43. d6+ Ke8 44. h4 Kd7 45. Kf4
Kxd6 46. Be2 e3 47. h5 gxh5 48. g4 h4 49. g6 Rf8# 0-1

[Event "SC Heitersheim-Heilbronner SV"]
[Site "Osnabrück"]
[Date "2012.12.28"]
[Round "3.4"]
[White "Boes, Julian"]
[Black "Wenninger, Patrick"]
[Result "0-1"]
[WhiteElo "1903"]
[BlackElo "1610"]
[PlyCount "86"]
[EventDate "2012.??.??"]
[WhiteTeam "SC Heitersheim"]
[BlackTeam "Heilbronner SV"]

1. e4 c6 2. d4 d5 3. exd5 cxd5 4. Bd3 Nc6 5. c3 Nf6 6. Bf4 Bg4 7. Nf3 e6 8.
Nbd2 Bd6 9. Bxd6 Qxd6 10. Qb3 Rb8 11. O-O O-O 12. Rfe1 b5 13. a3 Na5 14. Qc2
Nc4 15. Ne5 Bh5 16. Ndf3 a5 17. Ng5 h6 18. Nh3 Ng4 19. Nf4 f6 20. Bxc4 fxe5 21.
Nxh5 e4 22. Ng3 bxc4 23. Rf1 Rf7 24. h3 Nf6 25. Rab1 Rbf8 26. Qd2 Nd7 27. Rbe1
Rb8 28. Rb1 Nb6 29. b4 cxb3 30. Rxb3 Nc4 31. Rxb8+ Qxb8 32. Qa2 e3 33. Ne2 Nd2
34. f3 Nxf1 35. Kxf1 Rb7 36. Qc2 Rb2 37. Qg6 Rb1+ 38. Nc1 Rxc1+ 39. Ke2 Qb2+
40. Kxe3 Qxc3+ 41. Kf4 Qxd4+ 42. Kg3 Qe5+ 43. f4 Rc3+ 0-1

[Event "SC Heitersheim-Heilbronner SV"]
[Site "Osnabrück"]
[Date "2012.12.28"]
[Round "3.5"]
[White "Wunder, Anton"]
[Black "Schopferer, Markus"]
[Result "0-1"]
[WhiteElo "1419"]
[BlackElo "1606"]
[PlyCount "72"]
[EventDate "2012.??.??"]
[WhiteTeam "Heilbronner SV"]
[BlackTeam "SC Heitersheim"]

1. d4 b6 2. c4 Bb7 3. Nc3 e6 4. a3 Nf6 5. Bg5 Be7 6. e3 d5 7. cxd5 Nxd5 8. Bxe7
Qxe7 9. Nf3 O-O 10. Bd3 Nxc3 11. bxc3 Nd7 12. e4 c5 13. O-O Rfd8 14. Re1 cxd4
15. cxd4 Nf6 16. e5 Nd5 17. Rc1 Rac8 18. h4 Rxc1 19. Qxc1 Rc8 20. Qb2 Rc3 21.
Be4 Qxa3 22. Qxa3 Rxa3 23. Rc1 g6 24. Bxd5 Bxd5 25. Ng5 h6 26. Nh3 Ra4 27. Rd1
b5 28. Nf4 Bc4 29. f3 Ra2 30. Nd3 Bxd3 31. Rxd3 b4 32. Kf1 a5 33. d5 exd5 34.
Rxd5 b3 35. Rb5 b2 36. Rb8+ Kg7 0-1

[Event "SC Vaterstetten-SV Schott Jena"]
[Site "Osnabrück"]
[Date "2012.12.28"]
[Round "3.4"]
[White "Heimbächer, Moritz"]
[Black "Berkov, Mikhail"]
[Result "1/2-1/2"]
[WhiteElo "1807"]
[BlackElo "1751"]
[PlyCount "67"]
[EventDate "2012.??.??"]
[WhiteTeam "SC Vaterstetten"]
[BlackTeam "SV Schott Jena"]

1. d4 Nf6 2. Nf3 g6 3. Nc3 d5 4. Bg5 Bg7 5. e3 h6 6. Bf4 c6 7. Bd3 Nbd7 8. e4
dxe4 9. Nxe4 Nxe4 10. Bxe4 Nf6 11. Bd3 O-O 12. c3 Nd5 13. Be5 Bg4 14. Bxg7 Kxg7
15. h3 Bxf3 16. Qxf3 Qd6 17. g3 e5 18. dxe5 Qxe5+ 19. Kd2 Qf6 20. Qxf6+ Nxf6
21. Rhe1 Rfe8 22. Kc2 Nd5 23. Rad1 Rad8 24. Bc4 Rxe1 25. Rxe1 Nb6 26. Bb3 Kf8
27. Re3 Re8 28. Rf3 Nd5 29. Bxd5 cxd5 30. Kd3 Re4 31. b3 Re1 32. Kd4 Ra1 33.
Kxd5 Rxa2 34. Kd6 1/2-1/2

[Event "SC Vaterstetten-SV Schott Jena"]
[Site "Osnabrück"]
[Date "2012.12.28"]
[Round "3.5"]
[White "Mauch, Johannes"]
[Black "Süß, Christian"]
[Result "0-1"]
[WhiteElo "1580"]
[BlackElo "1460"]
[PlyCount "80"]
[EventDate "2012.??.??"]
[WhiteTeam "SV Schott Jena"]
[BlackTeam "SC Vaterstetten"]

1. Nf3 d5 2. g3 Nf6 3. Bg2 Bf5 4. O-O Nbd7 5. d3 e5 6. Nbd2 c6 7. c4 d4 8. a3
a5 9. Ng5 Bg6 10. Rb1 Qb6 11. Nge4 Nxe4 12. Nxe4 Bxa3 13. f4 exf4 14. bxa3 Qxb1
15. Nd6+ Ke7 16. Rxf4 Qb6 17. Nf5+ Bxf5 18. Rxf5 Rhe8 19. Qf1 f6 20. Rh5 h6 21.
Bh3 Ne5 22. Bf4 Kd6 23. Qf2 Qb2 24. a4 b5 25. axb5 cxb5 26. cxb5 a4 27. b6 Qxb6
28. e3 dxe3 29. Bxe3 Qb5 30. d4 Qb1+ 31. Kg2 Nd3 32. Bf4+ Ke7 33. Qf3 Nxf4+ 34.
Qxf4 Kf8 35. Qd6+ Kg8 36. Be6+ Kh8 37. Bf5 Qc1 38. d5 a3 39. Qc6 Qd2+ 40. Kh3
a2 0-1

[Event "Hagener SV-Sfr. Heidesheim"]
[Site "Osnabrück"]
[Date "2012.12.28"]
[Round "3.1"]
[White "Carow, Johannes"]
[Black "Wöllermann, Jan"]
[Result "1-0"]
[WhiteElo "2282"]
[BlackElo "2204"]
[PlyCount "67"]
[EventDate "2012.??.??"]
[WhiteTeam "Sfr. Heidesheim"]
[BlackTeam "Hagener SV"]

1. d4 f5 2. c4 Nf6 3. Nf3 g6 4. g3 Bg7 5. Bg2 O-O 6. O-O d6 7. Nc3 Nc6 8. d5
Ne5 9. Nxe5 dxe5 10. e4 f4 11. gxf4 exf4 12. e5 Ng4 13. e6 Ne5 14. Re1 Nxc4 15.
Re4 Nd6 16. Rxf4 b6 17. h4 Bb7 18. Rg4 Rf5 19. Ne2 Ne8 20. Nf4 c6 21. h5 gxh5
22. Rh4 Nf6 23. Nxh5 Rxh5 24. Rxh5 Nxh5 25. Qxh5 cxd5 26. Qf7+ Kh8 27. Bg5 Bc6
28. Bxe7 Be8 29. Bxd8 Bxf7 30. e7 Be8 31. Rc1 Bxb2 32. Rc2 Be5 33. Bxd5 Rb8 34.
Re2 1-0

[Event "Hagener SV-Sfr. Heidesheim"]
[Site "Osnabrück"]
[Date "2012.12.28"]
[Round "3.3"]
[White "Perske, Thore"]
[Black "Bonacic, Jascha"]
[Result "1-0"]
[WhiteElo "2050"]
[BlackElo "1914"]
[PlyCount "81"]
[EventDate "2012.??.??"]
[WhiteTeam "Sfr. Heidesheim"]
[BlackTeam "Hagener SV"]

1. e4 c5 2. Nf3 d6 3. d4 cxd4 4. Nxd4 Nf6 5. Nc3 g6 6. Be3 Bg7 7. f3 O-O 8. Bc4
Nc6 9. Bb3 Bd7 10. Qd2 Nxd4 11. Bxd4 b5 12. Nd5 Nxd5 13. Bxg7 Kxg7 14. exd5 Kg8
15. h4 f6 16. g4 a5 17. c3 Qc7 18. Kf2 Rac8 19. Rae1 Rf7 20. a3 Rb8 21. Kg2 b4
22. axb4 axb4 23. c4 Qc5 24. Qf2 Re8 25. Qxc5 dxc5 26. Ra1 e5 27. Rhe1 Rfe7 28.
Bc2 e4 29. Rxe4 Rxe4 30. fxe4 Bxg4 31. Kg3 h5 32. Ra5 Rc8 33. Kf4 Kg7 34. Ra6
Rc7 35. Ba4 Be2 36. b3 Bd3 37. d6 Rc8 38. d7 Rd8 39. Re6 Bxc4 40. bxc4 b3 41.
Rb6 1-0

[Event "Hagener SV-Sfr. Heidesheim"]
[Site "Osnabrück"]
[Date "2012.12.28"]
[Round "3.4"]
[White "Beinke, Lukas"]
[Black "Faldum, Manfred"]
[Result "1/2-1/2"]
[WhiteElo "1866"]
[BlackElo "1822"]
[PlyCount "77"]
[EventDate "2012.??.??"]
[WhiteTeam "Hagener SV"]
[BlackTeam "Sfr. Heidesheim"]

1. e4 c5 2. Nf3 g6 3. d4 cxd4 4. Nxd4 Bg7 5. c4 Nc6 6. Be3 Nf6 7. Nc3 O-O 8.
Be2 d6 9. O-O Nxd4 10. Bxd4 Bd7 11. f3 Bc6 12. Nd5 Bxd5 13. exd5 Nd7 14. Bxg7
Kxg7 15. Qd4+ Kg8 16. Rfe1 Qb6 17. Qxb6 Nxb6 18. Bd3 Rfe8 19. Re3 Rac8 20. b3
a5 21. Rae1 Kf8 22. Kf2 a4 23. f4 Rc7 24. h4 axb3 25. axb3 Ra8 26. h5 Ra2+ 27.
Kf3 Rb2 28. hxg6 hxg6 29. Bb1 Nc8 30. f5 g5 31. Rh1 f6 32. Be4 Na7 33. Kg4 Ke8
34. Bf3 b5 35. Rh8+ Kd7 36. cxb5 Nxb5 37. Rh7 Kd8 38. Rh8+ Kd7 39. Rh7 1/2-1/2

[Event "Hagener SV-Sfr. Heidesheim"]
[Site "Osnabrück"]
[Date "2012.12.28"]
[Round "3.6"]
[White "Rau, Nikita"]
[Black "Spielberger, Moritz"]
[Result "1-0"]
[WhiteElo "1824"]
[BlackElo "1521"]
[Annotator "Arbeiter"]
[PlyCount "103"]
[EventDate "2012.??.??"]
[WhiteTeam "Hagener SV"]
[BlackTeam "Sfr. Heidesheim"]

1. e4 e6 2. d3 d5 3. Nd2 c5 4. Ngf3 Nf6 5. g3 b6 6. Bg2 dxe4 7. dxe4 Ba6 8. c4
Bb7 9. e5 Nfd7 10. O-O Qc7 11. Re1 Nc6 12. Qe2 O-O-O 13. h4 h6 14. Nf1 Be7 15.
Bf4 Rdg8 16. Qe3 g5 17. hxg5 hxg5 18. Nxg5 Bxg5 19. Bxg5 Ncxe5 20. Bf4 Bxg2 21.
Kxg2 Qc6+ 22. Qe4 Qxe4+ 23. Rxe4 Nd3 24. Bd2 Rh7 25. Bc3 f6 26. Rd1 N3e5 27.
Rd6 Re7 28. Ne3 Kc7 29. Rd1 Nc6 30. Rh4 Nce5 31. a3 Ree8 32. Rh7 Rd8 33. b4 Rh8
34. Rdh1 Rxh7 35. Rxh7 cxb4 36. axb4 Kd6 37. f4 Nd3 38. Kf3 e5 39. Rh1 (39. Rh2
Re8 40. Ke4) 39... exf4 40. gxf4 Ke7 41. Rd1 Nf8 42. Nd5+ Kf7 43. Rxd3 Rc8 44.
Ne3 Ke6 45. f5+ Ke7 46. Bd4 Nd7 47. Rc3 Kd6 48. Ra3 Rc7 49. Ke4 Ne5 50. Bxe5+
fxe5 51. Rd3+ Ke7 52. Nd5+ 1-0